Estadísticas para Mapa de Europa

Haz click aquí para tomar la prueba!

Estadísticas generales

  • Esta prueba ha sido tomada 37.562 veces
  • La puntuación promedio es 31 de 45

Respuestas en el mapa

Las respuestas están codificadas por una escala verde-roja en el mapa de la prueba según el % correcto abajo.
Cargando...
 

Estadísticas de respuestas

Respuesta% Correcto
Italia
93%
Francia
92%
Portugal
92%
España
91%
Reino Unido
91%
Rusia
90%
Irlanda
89%
Islandia
87%
Alemania
86%
Grecia
86%
Noruega
84%
Finlandia
79%
Dinamarca
79%
Bélgica
78%
Suecia
77%
Polonia
77%
Países Bajos
76%
Suiza
73%
Ucrania
72%
Luxemburgo
72%
Andorra
69%
Austria
69%
Estonia
68%
Bielorrusia
68%
Ciudad del Vaticano
65%
Letonia
65%
República Checa
64%
Malta
63%
Mónaco
62%
Croacia
61%
San Marino
60%
Rumania
60%
Lituania
60%
Liechtenstein
58%
Moldavia
54%
Bulgaria
53%
Eslovaquia
53%
Kosovo
49%
Serbia
49%
Bosnia y Herzegovina
49%
Hungría
49%
Eslovenia
48%
Albania
48%
Macedonia
del Norte
48%
Montenegro
46%

Distribución de puntuación

Porcentaje por número respondido

Porcentaje de gente con cada puntuación

Historial de tus puntuaciones

No has tomado esta prueba